Регионална библиотека "Любен Каравелов" - Русе

Храмовете, посветени на Свети Николай в селата Долна и Горна Вереница (Запис номер 346359)

MARC детайли
000 -Лидер
Контролно поле с фиксирана дължина 01538nam a2200385 c 4500
003 - Код на организацията, давaща контролен номер
Контролно поле BLK
005 - Дата и час на последна редакция
Контролно поле 20191112114604.0
008 - Елементи от данни с фиксирана дължина
fixed length control field 180412b bul|||||r ||||||| ||bul||
010 ## - Наследен системен номер
LC control number KNG00002522000
020 ## - Международен стандартен номер на книга ISBN
Международен стандартен номер на книга ISBN 978-954-8846-47-9
040 ## - Източник на каталожния запис
Идентификатор на билиотеката - собственик на записа BLK
041 ## - Код за език
Код за езика на текст/звукозапис или на отделно заглавие Български
Код за езика КДБФ Български
080 ## - УДК
Текстов определител УДК Християнски монашески ордени. Манастири. Монаси. Отшелници
УДК код - определител по УДК 27-788
УДК определител (497.2)(091)
УДК - код + определител 27-788(497.2)(091)
100 ## - Редна дума - Автор
Автор Дюлгерова, Катерина
Авторска отговорност авт.
R(LIN) 389356
139 ## - Редно поле
Редна дума Дюлгерова, Катерина
Авторски знак Дю - Д 97
245 10 - Сведения за заглавието
Заглавие Храмовете, посветени на Свети Николай в селата Долна и Горна Вереница
Редно поле (дума) Катерина Дюлгерова
257 ## - Страна на издаване
Страна на създаване/издаване България
260 ## - Област на издателските данни
Име на издателя, разпространителя и проч. Веда Словена
Година на издаване 2018
9 (RLIN) 209670
Място на издаване, разпространение и проч. София
Издателство - префикс ISBN 954-544-
300 ## - Физическа характеристика
Страници 245 с.
Илюстрации и др. с ил.
Размери/Мащаб 23 см
380 ## - Жанр
Жанр Религия. Теология
650 #4 - Допълнително описание по предмет – тема
Основно описание – тема или топоним Светци
9 (RLIN) 244581
650 #4 - Допълнително описание по предмет – тема
Основно описание – тема или топоним Манастири - България - история
9 (RLIN) 244582
651 #4 - Допълнително описание по предмет - топоним
Географско понятие България
9 (RLIN) 241624
653 ## - Ключова дума – ненормативна
Ключова дума светци
653 ## - Ключова дума – ненормативна
Ключова дума манастири
653 ## - Ключова дума – ненормативна
Ключова дума свещени места
653 #0 - Ключова дума – ненормативна
Ключова дума Свети Николай
9 (RLIN) 400965
653 #0 - Ключова дума – ненормативна
Ключова дума Долна и Горна Вереница
9 (RLIN) 400966
852 ## - Местоположение
Форматна сигнатура Цб 297149
856 4# - Електронен адрес и достъп
Електронен формат pdf - файл
Път до файла /url/
856 4# - Електронен адрес и достъп
Електронен формат pdf - файл
Път до файла /url/
999 ## - СИСТЕМНИ КОНТРОЛНИ НОМЕРА
Koha biblionumber 346359
Koha biblioitemnumber 346359
942 ## - АРТИКУЛИ
Вид на библиотечния материал Книги
Скрит в OPAC Не
Периодичен библиозапис Да
944 ## - СЪЗДАВАНЕ И РЕДАКЦИЯ на ЗАПИСА
Създаване/Редакция Създаване
Дата на регистрацията/редакция 2019-11-12
Служител, извършил регистрацията/редакцията К.Д.
944 ## - СЪЗДАВАНЕ И РЕДАКЦИЯ на ЗАПИСА
Създаване/Редакция Редакция
Дата на регистрацията/редакция 2019-11-12
999 ## - СИСТЕМНИ КОНТРОЛНИ НОМЕРА
Koha biblioitemnumber 346359
999 ## - СИСТЕМНИ КОНТРОЛНИ НОМЕРА
Koha biblioitemnumber 1654
Наличности
Код за отписване Код за изгубен артикул Източник на класификационната схема Код за повреда Коз за рестрикции Код за отдаване Артикулен № Име на библиотеката - собственик Име на библиотеката, в която се намира в момента Статус (Текущо местоположение) Дата на вписване в системата Местоположение - отдел Цена в лева Систематично азбучна сигнатура Баркод Цена в евро Служебен тип на артикула
  Не е изгубен Universal Decimal Classification Не е повреден само за читалня ползва се в читалня 749109 Регионална библиотека "Любен Каравелов" Русе Регионална библиотека "Любен Каравелов" Русе Хранилище 2019-11-13 Хранилище 17.00 Цб 297149 120000837401 8.69 Книги
Vip Innovations Ltd, Rousse, Bulgaria 2025